000 00995cam a22002771 4500
001 0000004938
005 20170406120226.0
008 751219s1941 nyua b 000 0 eng
010 _a 41015584
035 _9(DLC) 41015584
035 _a(OCoLC)1897196
040 _aDLC
_cODaWU
_dOCoLC
_dDLC
050 0 0 _aQD601
_b.N7
082 0 _a541.35
100 1 _aNoyes, W. Albert
_q(William Albert),
_d1898-1980.
245 1 4 _aThe photochemistry of gases /
_cby William Albert Noyes, Jr. ... and Philip Albert Leighton ...
260 _aNew York :
_bReinhold Publishing Corporation,
_c1941.
300 _a475 p. incl. illus., tables, diagrs. ;
_c24 cm.
490 1 _aAmerican Chemical Society. Monograph series ;
_v[no. 86]
504 _aIncludes bibliographies.
650 0 _aPhotochemistry.
650 0 _aGases
_xAnalysis.
700 1 _aLeighton, Philip Albert,
_d1897-,
_ejoint author.
830 0 _aMonograph series (American Chemical Society) ;
_v[no. 86]
908 _a141127
999 _c4746
_d4746